Weiter zum Inhalt

Опухолевые диссеминации. Орфанные интерстициальные заболевания: лифангиолейомиматоз, гистиоцитоз Х, альвеолярный протеиноз. Пневмоцистные пневмонии учебно-методическое пособие

В учебно-методическом пособии рассматриваются вопросы диагностики и лечения орфанных интерстициальных заболеваний легких, пневмоцистные пневмонии, опухолевые диссеминации. Излагаются современные подходы к диагностике и назначению терапии. Учебно-методическое пособие предназначено для самостоятельной...

Ausführliche Beschreibung

Gespeichert in:
Bibliographische Detailangaben
1. Verfasser: Умарова И. А.
Weitere Verfasser: Горелов А. И., Кучеренко Н. Г.
Format: Книга
Sprache:Russian
Veröffentlicht: Санкт-Петербург СЗГМУ им. И.И. Мечникова 2019
Online Zugang:https://e.lanbook.com/book/242543
https://e.lanbook.com/img/cover/book/242543.jpg
Tags: Tag hinzufügen
Keine Tags, Fügen Sie den ersten Tag hinzu!
LEADER 02030nam0a2200277 i 4500
001 242543
003 RuSpLAN
005 20221220174158.0
008 221220s2019 ru gs 000 0 rus
040 |a RuSpLAN 
041 0 |a rus 
044 |a ru 
080 |a 616.24-002.2(07) 
084 |a 54.12я7  |2 rubbk 
245 0 0 |a Опухолевые диссеминации. Орфанные интерстициальные заболевания: лифангиолейомиматоз, гистиоцитоз Х, альвеолярный протеиноз. Пневмоцистные пневмонии  |b учебно-методическое пособие  |c Умарова И. А.,Горелов А. И.,Кучеренко Н. Г. 
260 |a Санкт-Петербург  |b СЗГМУ им. И.И. Мечникова  |c 2019 
300 |a 44 с. 
504 |a Библиогр.: доступна в карточке книги, на сайте ЭБС Лань 
520 8 |a В учебно-методическом пособии рассматриваются вопросы диагностики и лечения орфанных интерстициальных заболеваний легких, пневмоцистные пневмонии, опухолевые диссеминации. Излагаются современные подходы к диагностике и назначению терапии. Учебно-методическое пособие предназначено для самостоятельной подготовки ординаторов по специальности 31.08.49 «Терапия». 
521 8 |a Книга из коллекции СЗГМУ им. И.И. Мечникова - Медицина 
100 1 |a Умарова И. А. 
700 1 |a Горелов А. И. 
700 1 |a Кучеренко Н. Г. 
856 4 |u https://e.lanbook.com/book/242543 
856 4 8 |u https://e.lanbook.com/img/cover/book/242543.jpg 
953 |a https://e.lanbook.com/img/cover/book/242543.jpg